Sports Quiz

Random Sports Quiz
Score 0/61 Timer 07:00
0 Plays Today
Year Champion % Correct
2017Mercedes
95.2%
2018Mercedes
95.2%
2016Mercedes
94.1%
2015Mercedes
93.5%
2000Ferrari
93.2%
1993Williams
92.5%
1997Williams
92.5%
1998McLaren
92.5%
2001Ferrari
92.5%
2002Ferrari
92.5%
2003Ferrari
92.5%
2014Mercedes
92.5%
1992Williams
91.8%
1996Williams
91.8%
1999Ferrari
91.8%
2004Ferrari
91.8%
1988McLaren
91.1%
1989McLaren
91.1%
1990McLaren
91.1%
1991McLaren
91.1%
1994Williams
90.4%
2005Renault
90.4%
2006Renault
90.4%
2007Ferrari
90.4%
2010Red Bull
90.4%
2012Red Bull
90.4%
2013Red Bull
90.4%
2011Red Bull
89.7%
1987Williams
89%
2008Ferrari
89%
1995Benetton
88.4%
Year Champion % Correct
2009Brawn
87%
1985McLaren
86.3%
1986Williams
85.6%
1980Williams
84.9%
1977Ferrari
84.2%
1979Ferrari
84.2%
1981Williams
83.6%
1982Ferrari
83.6%
1984McLaren
83.6%
1983Ferrari
82.9%
1976Ferrari
82.2%
1975Ferrari
81.5%
1961Ferrari
80.8%
1978Lotus
80.8%
1970Lotus
79.5%
1972Lotus
78.8%
1973Lotus
78.8%
1964Ferrari
78.1%
1974McLaren
77.4%
1963Lotus
76%
1968Lotus
76%
1965Lotus
75.3%
1967Brabham
75.3%
1966Brabham
72.6%
1958Vanwall
71.9%
1959Cooper
70.5%
1971Tyrrell
70.5%
1960Cooper
69.2%
1962BRM
64.4%
1969Matra
62.3%
Remove Ads.
Support Sporcle.
Get the best of Sporcle when you Go Orange. This ad-free experience offers more features, more stats, and more fun while also helping to support Sporcle. Thank you for becoming a member.

You're not logged in!

Compare scores with friends on all Sporcle quizzes.
OR
Log In

Show Comments

Extras

Top Quizzes Today


Score Distribution

Your Account Isn't Verified!

In order to create a playlist on Sporcle, you need to verify the email address you used during registration. Go to your Sporcle Settings to finish the process.

Report this User

Report this user for behavior that violates our Community Guidelines.

Details: